Biología sintética: nuestro derecho a conocer, opinar y decidir/
Furkejuvvon:
| Materiálatiipa: | Girji |
|---|---|
| Giella: | Spanish |
| Fáddágilkorat: |
Lasit fáddágilkoriid
Eai fáddágilkorat, Lasit vuosttaš fáddágilkora!
|
MARC
| LEADER | 00000nam a22000007a 4500 | ||
|---|---|---|---|
| 003 | cru CIDCACS/IIS | ||
| 005 | 20180301110814.0 | ||
| 007 | ta | ||
| 008 | 180301s2016 uy |||p|r||||||0| ||spa|d | ||
| 999 | |c 41089 |d 41089 | ||
| 040 | |c cru CIDCACS/IIS | ||
| 245 | 1 | |a Biología sintética: |b nuestro derecho a conocer, opinar y decidir/ |c Red de Coordinación en Bodiversidad, Kioskos Ambientales, Coeco Ceiba, Fecon | |
| 300 | |a páginas 35-36 | ||
| 773 | 0 | |0 41050 |9 1839 |a Red de Ecología Social (Uruguay) |d Uruguay: REDES-AT; GRAIN |o 17993 |t Biodiversidad: |x 07977888X | |
| 942 | |2 ddc |c PP | ||
